00246nam a2200097Ia 4500008004100000100000900041245004500050260002900095942000700124999001700131190216s9999||||xx |||||||||||||| ||und|| aNull 0aHindi-Bharath Ke Prathima Shaki Engineer bMac Millian And Com. Ltd cBK c17197d17197